The field day from the Black Lagoon / (Record no. 6236)

MARC details
000 -LEADER
fixed length control field 01275cam a22003977a 4500
001 - CONTROL NUMBER
control field 6236
003 - CONTROL NUMBER IDENTIFIER
control field FISKH
005 - DATE AND TIME OF LATEST TRANSACTION
control field 20250403112854.0
008 - FIXED-LENGTH DATA ELEMENTS--GENERAL INFORMATION
fixed length control field 050913s2005 nyua b 000 1 eng d
010 ## - LIBRARY OF CONGRESS CONTROL NUMBER
LC control number 2005280233
020 ## - INTERNATIONAL STANDARD BOOK NUMBER
International Standard Book Number 043968076X
020 ## - INTERNATIONAL STANDARD BOOK NUMBER
International Standard Book Number 9780439680769
040 ## - CATALOGING SOURCE
Original cataloging agency WDG
Transcribing agency WDG
Modifying agency OCLCQ
-- DLC
Language of cataloging eng
050 ## - LIBRARY OF CONGRESS CALL NUMBER
Classification number PZ7.T3 F
082 ## - DEWEY DECIMAL CLASSIFICATION NUMBER
Classification number 513
100 1# - MAIN ENTRY--PERSONAL NAME
Personal name Thaler, Mike,
Dates associated with a name 1936-
245 14 - TITLE STATEMENT
Title The field day from the Black Lagoon /
Statement of responsibility, etc. by Mike Thaler ; illustrated by Jared Lee.
260 ## - PUBLICATION, DISTRIBUTION, ETC.
Place of publication, distribution, etc. New York :
Name of publisher, distributor, etc. Scholastic,
Date of publication, distribution, etc. 2005.
300 ## - PHYSICAL DESCRIPTION
Extent 64 pages :
Other physical details illustrations ;
Dimensions 20 cm
490 1# - SERIES STATEMENT
Series statement Black lagoon adventures ;
Volume/sequential designation Book 6
505 ## - FORMATTED CONTENTS NOTE
Formatted contents note R<br/>
520 ## - SUMMARY, ETC.
Summary, etc. Field day is one week away, and everyone has to go, but with crazy coach Kong making up all the events, it just might be a field day of screams.
521 ## - TARGET AUDIENCE NOTE
Target audience note 680<br/>
Source Lexile<br/>
521 ## - TARGET AUDIENCE NOTE
Target audience note R<br/>
Source Raz-Plus<br/>
650 #0 - SUBJECT ADDED ENTRY--TOPICAL TERM
Topical term or geographic name entry element Fear
Form subdivision Juvenile fiction.
650 #0 - SUBJECT ADDED ENTRY--TOPICAL TERM
Topical term or geographic name entry element Schools
Form subdivision Juvenile fiction.
650 #0 - SUBJECT ADDED ENTRY--TOPICAL TERM
Topical term or geographic name entry element Sports stories.
650 #1 - SUBJECT ADDED ENTRY--TOPICAL TERM
Topical term or geographic name entry element Contests
Form subdivision Fiction.
650 #1 - SUBJECT ADDED ENTRY--TOPICAL TERM
Topical term or geographic name entry element Schools
Form subdivision Fiction.
650 #1 - SUBJECT ADDED ENTRY--TOPICAL TERM
Topical term or geographic name entry element Fear
Form subdivision Fiction.
650 #1 - SUBJECT ADDED ENTRY--TOPICAL TERM
Topical term or geographic name entry element Humorous stories.
700 1# - ADDED ENTRY--PERSONAL NAME
Personal name Lee, Jared D.,
Relator term illustrator
906 ## - LOCAL DATA ELEMENT F, LDF (RLIN)
a 7
b cbc
c copycat
d 3
e ncip
f 20
g y-gencatlg
942 ## - ADDED ENTRY ELEMENTS (KOHA)
Source of classification or shelving scheme Dewey Decimal Classification
Koha item type Books
Suppress in OPAC No
Holdings
Withdrawn status Lost status Source of classification or shelving scheme Damaged status Not for loan Collection Home library Current library Shelving location Date acquired Total Checkouts Full call number Barcode Date last seen Date last checked out Copy number Price effective from Koha item type
    Dewey Decimal Classification     Juvenile Fiction Footprints International School Library Network Toul Kork Campus Footprints International School Library Network Toul Kork Campus TK Primary Library Room(4th Floor), Bookcase 5&6, Shelves 33-56, Orange Books 04/03/2025 1 THA 513 PZ7.T3 F FISTK00214 04/24/2026 04/23/2026 1 04/03/2025 Books
    Dewey Decimal Classification     Juvenile Fiction Footprints International School Library Network Toul Tom Poung Campus Footprints International School Library Network Toul Tom Poung Campus TTP Primary Orange Bookshelves 10/17/2025   THA 513 PZ7.T3 F 2025-4653 10/17/2025   2 10/17/2025 Books